000 00986cam a2200325 a 4500
001 465144
003 OSt
005 20170105113054.0
008 860424s1986 nyua b 001 0 eng
010 _a 85019713
020 _a0070214638
035 _a(OCoLC)12557421
035 _a(OCoLC)ocm12557421
035 _a(CStRLIN)NYCG86-B41980
035 _a(NNC)465144
040 _dCStRLIN
_ca
050 0 _aTA418.74
_b.F6 1986
082 0 _a620.11223
_219
090 _aTA418.74
_b.F6 2010
100 1 _aFontana, Mars G.
_q(Mars Guy),
_d1910-1988.
245 1 0 _aCorrosion engineering /
_cMars G. Fontana.
260 _aNew York :
_bMcGraw-Hill,
_cc2010.
300 _axix, 555 p. :
_bill. ;
_c22 cm.
490 1 _aMcGraw-Hill series in materials science and engineering
504 _aIncludes bibliographies and index.
650 0 _aCorrosion and anti-corrosives.
830 0 _aMcGraw-Hill series in materials science and engineering.
942 _2ddc
_cBK
999 _c32763
_d32763